000
00346 a2200169 4500
001
172225
020
_a
040
_c
Magnum
100
_a
Orthof, Sylvia
240
1
0
_a
Tumebune, o vaga-lume
_l
por
245
1
0
_a
Tumebune, o vaga-lume
300
_a
24
362
0
_a
1989
440
1
_a
Ática
697
_a
LITERATURA INFANTO
942
_c
BK
999
_c
172225
_d
172225